[Event "BC Day op"]
[Site "Richmond CAN"]
[Date "2022.08.01"]
[Round "5.2"]
[White "Cheng, Louis"]
[Black "Liu, Zachary"]
[Result "1-0"]
[WhiteElo "2007"]
[BlackElo "1963"]
[PlyCount "99"]
[EventDate "2022.07.30"]
[EventType "swiss"]
[EventRounds "6"]
[EventCountry "CAN"]

1. d4 d5 2. c4 c6 3. Nc3 Nf6 4. Nf3 e6 5. Bg5 Nbd7 6. cxd5 exd5 7. e3 Be7 8.
Bd3 O-O 9. Qc2 h6 10. Bh4 Re8 11. h3 Ne4 12. Bxe7 Qxe7 13. a4 a5 14. O-O-O Nxc3
15. Qxc3 c5 16. Kb1 c4 17. Bc2 Qb4 18. Rhe1 Nb6 19. e4 Qxc3 20. bxc3 dxe4 21.
Nd2 f5 22. Nxc4 Nxc4 23. Bb3 b5 24. axb5 Be6 25. d5 Na3+ 26. Kb2 a4 27. Ba2
Nxb5 28. c4 Rab8 29. cxb5 Rxb5+ 30. Ka3 Bd7 31. Rc1 Reb8 32. Rc7 R8b7 33. Rec1
Kf8 34. d6 Ke8 35. g4 R7b6 36. Rd1 Kd8 37. Ra7 fxg4 38. hxg4 Bxg4 39. Rd4 Bd7
40. Ra8+ Rb8 41. Rdxa4 Bc6 42. Rxb8+ Rxb8 43. Ra7 Ra8 44. Rxa8+ Bxa8 45. Kb4 h5
46. Kc5 Kd7 47. Bf7 h4 48. Bg6 Bb7 49. Bf5+ Kd8 50. Kd4 1-0

[Event "BC Day op"]
[Site "Richmond CAN"]
[Date "2022.08.01"]
[Round "5.3"]
[White "Wu, Nathan"]
[Black "Jiang, Kate"]
[Result "0-1"]
[WhiteElo "1992"]
[BlackElo "1852"]
[PlyCount "92"]
[EventDate "2022.07.30"]
[EventType "swiss"]
[EventRounds "6"]
[EventCountry "CAN"]

1. d4 d5 2. Bf4 Nf6 3. e3 c5 4. Nc3 a6 5. dxc5 Qa5 6. Nf3 e6 7. a3 Qxc5 8. Be2
Nc6 9. h3 g6 10. Ne5 Ne7 11. O-O Bg7 12. Na4 Qa5 13. c4 Nd7 14. b4 Qd8 15. Nxd7
Bxd7 16. Ra2 O-O 17. Nc5 Bc8 18. cxd5 Nxd5 19. Rd2 Qe7 20. Bh2 a5 21. e4 axb4
22. exd5 Qxc5 23. axb4 Qxb4 24. dxe6 Bxe6 25. Bd6 Qa5 26. Bxf8 Rxf8 27. Rd6 Be5
28. Rxe6 fxe6 29. Qb3 Qd5 30. Bc4 Qe4 31. Bxe6+ Kh8 32. Qe3 Qxe3 33. fxe3 Bh2+
34. Kxh2 Rxf1 35. Kg3 Kg7 36. Bd5 b5 37. e4 Kf6 38. Bb7 Ke5 39. Ba6 Rb1 40. Kg4
h6 41. Kh4 Kxe4 42. g4 Kf4 43. Bc8 Rg1 44. Bb7 h5 45. Bg2 g5+ 46. Kxh5 Rxg2 0-1

[Event "BC Day op"]
[Site "Richmond CAN"]
[Date "2022.08.01"]
[Round "5.4"]
[White "Leblanc, Paul"]
[Black "Song, Ethan"]
[Result "0-1"]
[WhiteElo "1732"]
[BlackElo "2060"]
[PlyCount "43"]
[EventDate "2022.07.30"]
[EventType "swiss"]
[EventRounds "6"]
[EventCountry "CAN"]

1. d4 Nf6 2. c4 e6 3. Nf3 d5 4. Nc3 Bb4 5. a3 Bxc3+ 6. bxc3 h6 7. e3 O-O 8. Bd3
b6 9. O-O Bb7 10. cxd5 exd5 11. c4 Nbd7 12. Bb2 Re8 13. Rc1 c5 14. Qb3 Rc8 15.
cxd5 Bxd5 16. Bc4 Bxc4 17. Qxc4 cxd4 18. Qxd4 Qe7 19. Qa4 Nc5 20. Qh4 Nfe4 21.
Qg4 Nf6 22. Rfd1 0-1

[Event "BC Day op"]
[Site "Richmond CAN"]
[Date "2022.08.01"]
[Round "5.5"]
[White "Qu, Leo"]
[Black "Talosig, Jaylord"]
[Result "1-0"]
[WhiteElo "1926"]
[BlackElo "1809"]
[PlyCount "81"]
[EventDate "2022.07.30"]
[EventType "swiss"]
[EventRounds "6"]
[EventCountry "CAN"]

1. d4 Nf6 2. Nc3 g6 3. e4 d6 4. Bf4 c6 5. Qd2 a5 6. a4 Nbd7 7. Nf3 Qb6 8. Bc4
Bg7 9. O-O O-O 10. Rfe1 Ne8 11. Bg5 Qd8 12. Qf4 Nb6 13. Bb3 Qc7 14. Qh4 Nf6 15.
e5 dxe5 16. dxe5 Nfd5 17. Bh6 Re8 18. Bxg7 Kxg7 19. Ne4 h6 20. Rad1 Bf5 21. Nc5
Rad8 22. Nd4 Bc8 23. c3 e6 24. Qg3 Qe7 25. Ne4 Rf8 26. h4 Bd7 27. h5 c5 28. Nb5
Bxb5 29. axb5 a4 30. Bc2 g5 31. Nd6 Nf4 32. Qf3 Rg8 33. g3 Nfd5 34. Qe4 Rh8 35.
Rd3 c4 36. Rf3 Rxd6 37. exd6 Qxd6 38. Qd4+ Kg8 39. Rxf7 Kxf7 40. Qxh8 Qf8 41.
Bg6+ 1-0

[Event "BC Day op"]
[Site "Richmond CAN"]
[Date "2022.08.01"]
[Round "6.1"]
[White "Jiang, Kate"]
[Black "Cheng, Louis"]
[Result "1-0"]
[WhiteElo "1852"]
[BlackElo "2007"]
[PlyCount "113"]
[EventDate "2022.07.30"]
[EventType "swiss"]
[EventRounds "6"]
[EventCountry "CAN"]

1. e4 c5 2. c3 Nf6 3. e5 Nd5 4. d4 cxd4 5. Nf3 Nc6 6. cxd4 d6 7. Bc4 Nb6 8. Bb5
e6 9. O-O Bd7 10. Nc3 a6 11. Bd3 Nb4 12. Be4 d5 13. Bb1 a5 14. Ng5 g6 15. a3
Na6 16. Qf3 Qe7 17. Bd3 Nc7 18. h4 h6 19. Qg3 O-O-O 20. Nh3 Kb8 21. Bd2 Bc6 22.
Rac1 Nc4 23. Bxc4 dxc4 24. Ne2 b6 25. b3 Qxa3 26. bxc4 Qxg3 27. fxg3 Kb7 28.
Rxf7 a4 29. Rb1 Be4 30. Rb5 Bd3 31. Ba5 Bxe2 32. Bxb6 Ka6 33. Bxc7 Rxd4 34.
Ra5+ Kb7 35. Bd6+ Kb6 36. Rb5+ Ka6 37. Bxf8 Bxc4 38. Rb4 Rd1+ 39. Kh2 Bb5 40.
Bc5 Ra8 41. Nf4 Rc1 42. Nxe6 Ka5 43. Rb2 Ra6 44. Bb4+ Kb6 45. Nd8 Ra8 46. Rb7+
Ka6 47. Rxb5 Kxb5 48. Bd2+ Kc4 49. Rb4+ Kd5 50. Bxc1 Rxd8 51. Rxa4 Kxe5 52.
Bxh6 Kf5 53. Ra5+ Ke6 54. Ra6+ Kf5 55. Kh3 Rd1 56. g4+ Ke4 57. Re6+ 1-0

[Event "BC Day op"]
[Site "Richmond CAN"]
[Date "2022.08.01"]
[Round "6.2"]
[White "Song, Ethan"]
[Black "Xu, Andrew"]
[Result "1-0"]
[WhiteElo "2060"]
[BlackElo "1841"]
[PlyCount "81"]
[EventDate "2022.07.30"]
[EventType "swiss"]
[EventRounds "6"]
[EventCountry "CAN"]

1. e4 e5 2. Nf3 Nc6 3. Bc4 Nf6 4. d3 Be7 5. O-O O-O 6. Re1 d6 7. h3 Na5 8. Bb3
Nxb3 9. axb3 Re8 10. Nbd2 h6 11. Nf1 Bf8 12. Ng3 g6 13. c4 Bg7 14. Be3 c5 15.
Qd2 Kh7 16. b4 Qc7 17. b5 a5 18. bxa6 bxa6 19. b4 Nd7 20. Reb1 Bb7 21. h4 Rg8
22. h5 Nf6 23. hxg6+ fxg6 24. bxc5 dxc5 25. Qa5 Rgc8 26. Qxc7 Rxc7 27. Bxc5
Rxc5 28. Rxb7 a5 29. Nd2 a4 30. Ne2 Kg8 31. Nc3 Rca5 32. Rb5 R5a7 33. Rb4 a3
34. Nb5 Ra5 35. Nb3 Bf8 36. c5 Ra4 37. Rxa4 Rxa4 38. Rxa3 Rxa3 39. Nxa3 Nd7 40.
c6 Nb6 41. Nc4 1-0

[Event "BC Day op"]
[Site "Richmond CAN"]
[Date "2022.08.01"]
[Round "6.3"]
[White "Mohammed Qanee, Arpak Worya"]
[Black "Qu, Leo"]
[Result "0-1"]
[WhiteElo "2138"]
[BlackElo "1926"]
[PlyCount "102"]
[EventDate "2022.07.30"]
[EventType "swiss"]
[EventRounds "6"]
[EventCountry "CAN"]

1. e4 c6 2. d4 d5 3. exd5 cxd5 4. Bd3 Nc6 5. c3 Nf6 6. Nf3 Qc7 7. h3 g6 8. O-O
Bf5 9. Re1 Bxd3 10. Qxd3 Bg7 11. Ne5 O-O 12. Bf4 Nh5 13. Bh2 Bxe5 14. Bxe5 Nxe5
15. dxe5 Qb6 16. Qc2 Rac8 17. Qb3 Qc5 18. Nd2 Nf4 19. Nf3 Ne6 20. Rad1 Rfd8 21.
Nd4 b6 22. Re3 Qc4 23. h4 Qxb3 24. axb3 Nxd4 25. Rxd4 e6 26. h5 Kf8 27. Rf3 Ke7
28. Rdf4 Rf8 29. Kh2 Rc5 30. Kg3 Ra5 31. Kg4 Ra1 32. hxg6 hxg6 33. Kg5 Re1 34.
Re3 Rh1 35. g4 a5 36. b4 a4 37. b5 Ra8 38. Ref3 Rh7 39. c4 Ra5 40. cxd5 exd5
41. Rb4 Rh1 42. Rf6 Re1 43. f4 Re4 44. Rxe4 dxe4 45. Rxb6 e3 46. Ra6 e2 47.
Rxa5 e1=Q 48. Rxa4 Kf8 49. b6 Kg7 50. f5 Qe3+ 51. Rf4 Qh3 0-1

[Event "BC Day op"]
[Site "Richmond CAN"]
[Date "2022.08.01"]
[Round "6.4"]
[White "Villanueva, Rod"]
[Black "Wu, Nathan"]
[Result "1-0"]
[WhiteElo "2112"]
[BlackElo "1992"]
[PlyCount "119"]
[EventDate "2022.07.30"]
[EventType "swiss"]
[EventRounds "6"]
[EventCountry "CAN"]

1. e4 d5 2. exd5 Qxd5 3. Nc3 Qd6 4. d4 c6 5. Nf3 Nf6 6. Ne5 Nbd7 7. Nc4 Qc7 8.
a4 Nb6 9. Ne5 Nbd5 10. Nxd5 Nxd5 11. Qf3 e6 12. Bd2 Bd6 13. Nc4 Be7 14. Bd3 O-O
15. Qh3 f5 16. O-O Nb4 17. Bxb4 Bxb4 18. a5 Bd7 19. c3 Bd6 20. Rfe1 Rf6 21.
Nxd6 Qxd6 22. Re5 Rc8 23. Qe3 Rd8 24. f4 g6 25. Bc4 a6 26. Re1 Kf7 27. Kf2 h6
28. Ke2 Rg8 29. Qh3 h5 30. Kd2 Rd8 31. Qe3 Re8 32. Kc1 Rd8 33. Qf2 Rc8 34. b4
Rd8 35. R1e3 Rc8 36. h3 Rd8 37. Qe1 Re8 38. Kb2 Re7 39. Qh4 Re8 40. Qg5 Rh8 41.
g4 hxg4 42. hxg4 fxg4 43. f5 gxf5 44. Rxf5 Rhh6 45. Ree5 Qf8 46. Qxg4 Qg7 47.
Rg5 Rhg6 48. Bd3 Rxg5 49. Rxg5 Qf8 50. Qh5+ Ke7 51. Rg3 Be8 52. Qc5+ Kd7 53.
Qa7 Kc8 54. Bh7 Qf7 55. Rg8 Rf2+ 56. Ka3 e5 57. Bf5+ Rxf5 58. Qa8+ Kc7 59. Rxe8
Rf1 60. Qd8# 1-0

[Event "BC Day op"]
[Site "Richmond CAN"]
[Date "2022.08.01"]
[Round "6.5"]
[White "Su, Ethan"]
[Black "Yang, Henry"]
[Result "1-0"]
[WhiteElo "2037"]
[BlackElo "1839"]
[PlyCount "157"]
[EventDate "2022.07.30"]
[EventType "swiss"]
[EventRounds "6"]
[EventCountry "CAN"]

1. d4 d5 2. c4 e6 3. Nf3 Nf6 4. g3 Be7 5. Bg2 O-O 6. O-O c6 7. Qc2 Nbd7 8. Nbd2
b6 9. e4 dxe4 10. Nxe4 Bb7 11. Nc3 c5 12. Rd1 cxd4 13. Nxd4 Bxg2 14. Kxg2 Qc7
15. Qe2 a6 16. Nf3 Rfd8 17. Bf4 Qc6 18. Kg1 Rac8 19. b3 Bb4 20. Nd4 Qb7 21. Na4
Nc5 22. Nxc5 Bxc5 23. Nc2 Qe4 24. Re1 Qxe2 25. Rxe2 Rd3 26. Kg2 a5 27. Ne1 Rd7
28. Nf3 Rcd8 29. Ne5 Rd1 30. Rxd1 Rxd1 31. Rd2 Rxd2 32. Bxd2 Kf8 33. f3 Ke8 34.
Bc3 Ke7 35. Bb2 Ne8 36. Nd3 Bd6 37. Bd4 Bc7 38. Nb2 Kd7 39. Na4 Kc6 40. Nc3 f6
41. Nb5 Nd6 42. Nxc7 Kxc7 43. g4 e5 44. Bc3 Kc6 45. g5 Kc5 46. gxf6 gxf6 47.
Be1 Nc8 48. Kf2 f5 49. Ke3 Nd6 50. Bc3 Nf7 51. h4 h5 52. Kd3 Kd6 53. Be1 Kc6
54. Bc3 Kd6 55. Be1 Kc6 56. Bc3 Kd6 57. a3 Nh8 58. c5+ Kxc5 59. Bxe5 Ng6 60.
Bg3 Kd5 61. Bf2 b5 62. Bg3 Ne7 63. a4 bxa4 64. bxa4 Nc8 65. Bc7 Ne7 66. Bxa5 f4
67. Bd8 Nc6 68. Bf6 Ke6 69. Bc3 Ne7 70. Ke4 Nf5 71. Be1 Ne3 72. Bf2 Nd5 73. a5
Nc7 74. Kxf4 Kf6 75. Bd4+ Kg6 76. Ke5 Kh6 77. Bb6 Na6 78. Kf5 Nb8 79. Be3+ 1-0

[Event "Banff op"]
[Site "Banff CAN"]
[Date "2022.11.11"]
[Round "1.1"]
[White "De Firmian, Nick"]
[Black "Bai, Jinghui"]
[Result "1-0"]
[WhiteElo "2550"]
[BlackElo "2026"]
[PlyCount "71"]
[EventDate "2022.11.11"]
[EventType "swiss"]
[EventRounds "6"]
[EventCountry "CAN"]

1. e4 c5 2. Nf3 Nc6 3. d4 cxd4 4. Nxd4 g6 5. Nc3 Bg7 6. Be3 Nf6 7. Bc4 O-O 8.
Bb3 a5 9. f3 d5 10. Bxd5 Nxd5 11. exd5 Nb4 12. Nde2 Bf5 13. Rc1 Ra6 14. a3 Rd6
15. axb4 axb4 16. Qd2 bxc3 17. Nxc3 Bxc3 18. Qxc3 Rxd5 19. Bh6 f6 20. Bxf8 Re5+
21. Kf1 Kxf8 22. Re1 Rd5 23. g4 Bd7 24. Rg1 Rd2 25. Rg2 Rd4 26. Kg1 Qb6 27. Qe3
Qd6 28. Rge2 e5 29. g5 Bb5 30. Kf2 Kg7 31. gxf6+ Kxf6 32. Qh6 Qc5 33. Kg2 Bc6
34. h3 Rf4 35. Kg3 Qe7 36. Rxe5 1-0

[Event "Banff op"]
[Site "Banff CAN"]
[Date "2022.11.11"]
[Round "1.2"]
[White "Taylor, Tristan"]
[Black "Ng, Gary"]
[Result "1-0"]
[WhiteElo "2020"]
[BlackElo "2378"]
[PlyCount "85"]
[EventDate "2022.11.11"]
[EventType "swiss"]
[EventRounds "6"]
[EventCountry "CAN"]

1. e4 b6 2. d4 Bb7 3. Bd3 Nf6 4. Qe2 Nc6 5. c3 e5 6. d5 Ne7 7. Be3 d6 8. h4 h5
9. f3 Ng6 10. g3 Be7 11. Nd2 c6 12. dxc6 Bxc6 13. O-O-O Qc7 14. Nh3 Rb8 15. Kb1
b5 16. Ng5 b4 17. c4 Ba4 18. b3 Bc6 19. Nf1 a5 20. Bc1 a4 21. Ne3 axb3 22. axb3
Ra8 23. Nd5 Qa5 24. Qb2 Bd8 25. Be3 Ne7 26. Kc2 Bxd5 27. exd5 Qc7 28. Kd2 Nd7
29. Ra1 Rxa1 30. Rxa1 Nc5 31. Bxc5 Qxc5 32. Ne4 Qb6 33. c5 dxc5 34. Ra6 Qb8 35.
d6 Ng6 36. Nxc5 Bf6 37. d7+ Ke7 38. Qc1 e4 39. Nxe4 Bd4 40. Qc4 Qe5 41. Qxb4+
Kxd7 42. Qb7+ Qc7 43. Rd6+ 1-0

[Event "Banff op"]
[Site "Banff CAN"]
[Date "2022.11.11"]
[Round "1.3"]
[White "Nones, Teodulfo II"]
[Black "Timmerman, Brian"]
[Result "1-0"]
[WhiteElo "2347"]
[BlackElo "2009"]
[PlyCount "89"]
[EventDate "2022.11.11"]
[EventType "swiss"]
[EventRounds "6"]
[EventCountry "CAN"]

1. d4 Nf6 2. Nc3 d5 3. Bg5 Bf5 4. f3 c5 5. e3 Nc6 6. Bd3 Bxd3 7. Qxd3 cxd4 8.
exd4 e6 9. Nge2 Be7 10. O-O-O a6 11. Kb1 b5 12. Nc1 Rc8 13. Rhe1 O-O 14. h4 Nb4
15. Qd2 Nxc2 16. Qxc2 b4 17. Rd3 Qd6 18. N1e2 bxc3 19. Rxc3 Rxc3 20. Qxc3 Qb6
21. Rc1 h6 22. Bf4 Nh5 23. Be5 Qb5 24. Qe3 Nf6 25. g4 Nd7 26. Nc3 Qb4 27. g5
Nxe5 28. Qxe5 Rb8 29. Rc2 Bd6 30. Qe3 hxg5 31. hxg5 g6 32. f4 a5 33. f5 gxf5
34. g6 Bf8 35. gxf7+ Kxf7 36. Re2 Qe7 37. Qf3 Qf6 38. Qh5+ Kg8 39. Qh2 Rb7 40.
Qg2+ Rg7 41. Qf3 Qxd4 42. Rxe6 Rg1+ 43. Kc2 Qh4 44. Qxd5 Qh2+ 45. Re2+ 1-0

[Event "Banff op"]
[Site "Banff CAN"]
[Date "2022.11.11"]
[Round "1.4"]
[White "Cheng, Louis"]
[Black "Kaufman, Raymond"]
[Result "0-1"]
[WhiteElo "2002"]
[BlackElo "2340"]
[PlyCount "45"]
[EventDate "2022.11.11"]
[EventType "swiss"]
[EventRounds "6"]
[EventCountry "CAN"]

1. d4 Nf6 2. c4 g6 3. Nc3 Bg7 4. e4 d6 5. Be2 O-O 6. Be3 e5 7. dxe5 dxe5 8. Nf3
Nbd7 9. Nd2 c6 10. c5 Qe7 11. Na4 Rd8 12. Qc1 Nf8 13. O-O Ne6 14. Bd1 h5 15. f3
h4 16. Nc4 Nh5 17. Kh1 Nef4 18. Bxf4 exf4 19. e5 h3 20. Rf2 Qh4 21. g3 fxg3 22.
hxg3 Qxg3 23. Qe3 {illisible} 0-1

[Event "Banff op"]
[Site "Banff CAN"]
[Date "2022.11.11"]
[Round "1.5"]
[White "Findlay, Ian"]
[Black "Wu, Jonathan"]
[Result "1-0"]
[WhiteElo "2304"]
[BlackElo "1989"]
[PlyCount "37"]
[EventDate "2022.11.11"]
[EventType "swiss"]
[EventRounds "6"]
[EventCountry "CAN"]

1. e4 c6 2. d4 d5 3. Nc3 dxe4 4. Nxe4 Nf6 5. Nxf6+ exf6 6. c3 Bd6 7. Bd3 O-O 8.
Qc2 Re8+ 9. Ne2 h5 10. O-O h4 11. Bd2 h3 12. g3 Nd7 13. Rae1 Nf8 14. c4 g6 15.
Nc3 Rxe1 16. Rxe1 Ne6 17. Bxg6 fxg6 18. Qxg6+ Kh8 19. Re4 1-0

[Event "Banff op"]
[Site "Banff CAN"]
[Date "2022.11.11"]
[Round "1.6"]
[White "Liu, Zachary"]
[Black "Khodjimatov, Sherzod"]
[Result "0-1"]
[WhiteElo "1963"]
[BlackElo "2282"]
[PlyCount "86"]
[EventDate "2022.11.11"]
[EventType "swiss"]
[EventRounds "6"]
[EventCountry "CAN"]

1. e4 e5 2. Nf3 Nc6 3. Nc3 Nf6 4. d4 exd4 5. Nxd4 Bb4 6. Nxc6 bxc6 7. Bd3 d5 8.
exd5 cxd5 9. O-O O-O 10. Bg5 c6 11. Qf3 h6 12. Bh4 Bd6 13. h3 Rb8 14. Rab1 Rb4
15. Bg3 Bxg3 16. Qxg3 Nh5 17. Qf3 Qg5 18. Ne2 c5 19. c3 Rb6 20. Qe3 Qxe3 21.
fxe3 Re8 22. Nf4 Rxe3 23. Nxd5 Rxd3 24. Nxb6 axb6 25. Rbd1 Nf4 26. b3 Bb7 27.
Kh2 Rxd1 28. Rxd1 Bxg2 29. Rd8+ Kh7 30. Rd7 Bd5 31. c4 Be6 32. Rb7 g5 33. Rxb6
Bxh3 34. a4 h5 35. a5 h4 36. Rf6 Bg4 37. a6 Kg7 38. a7 Bf3 39. Rf5 Kg6 40. Rd5
g4 41. Rd2 g3+ 42. Kg1 h3 43. Ra2 h2+ 0-1

[Event "Banff op"]
[Site "Banff CAN"]
[Date "2022.11.11"]
[Round "1.7"]
[White "Tolentino, Patrick Angelo"]
[Black "Xu, Andrew"]
[Result "0-1"]
[WhiteElo "2250"]
[BlackElo "1962"]
[PlyCount "70"]
[EventDate "2022.11.11"]
[EventType "swiss"]
[EventRounds "6"]
[EventCountry "CAN"]

1. e4 e5 2. Nf3 Nc6 3. Bb5 a6 4. Ba4 Nf6 5. O-O Be7 6. Re1 b5 7. Bb3 d6 8. c3
O-O 9. h3 Na5 10. Bc2 c5 11. d4 Nc6 12. d5 Nb8 13. a4 Bb7 14. Qe2 Qb6 15. Be3
Nbd7 16. Na3 bxa4 17. Nc4 Qc7 18. Nfd2 h6 19. Bxa4 Rab8 20. f4 Nb6 21. fxe5
dxe5 22. Bf2 Bd6 23. Reb1 Nfd7 24. Nxd6 Qxd6 25. Bc2 Qc7 26. Bd3 a5 27. Ra2 f5
28. c4 f4 29. Rba1 Ra8 30. Qg4 Rfe8 31. b3 Nf6 32. Qf5 Bc8 33. Qg6 Nbd7 34. Bh4
Nf8 35. Bxf6 Nxg6 0-1

[Event "Banff op"]
[Site "Banff CAN"]
[Date "2022.11.11"]
[Round "1.8"]
[White "Jiang, Kate"]
[Black "Doknjas, Neil"]
[Result "1-0"]
[WhiteElo "1952"]
[BlackElo "2241"]
[PlyCount "195"]
[EventDate "2022.11.11"]
[EventType "swiss"]
[EventRounds "6"]
[EventCountry "CAN"]

1. e4 c6 2. d4 d5 3. Nc3 dxe4 4. Nxe4 Nf6 5. Nxf6+ exf6 6. Bd3 Bd6 7. Nf3 O-O
8. O-O Bg4 9. Re1 Nd7 10. h3 Bh5 11. Be3 Re8 12. c3 Qc7 13. Rc1 Nf8 14. a3 Qd7
15. Be2 f5 16. Nh4 Bxe2 17. Rxe2 f4 18. Bd2 g5 19. Nf3 Qf5 20. c4 h5 21. Rxe8
Rxe8 22. Nh2 Qg6 23. Bc3 Nd7 24. Qc2 f5 25. Qb3 Bf8 26. c5+ Qe6 27. Qxb7 Qd5
28. Qa6 g4 29. Qf1 Re6 30. Re1 Rg6 31. h4 Bg7 32. Rd1 Nf6 33. Qd3 g3 34. fxg3
Rxg3 35. Qf1 Ng4 36. Nxg4 hxg4 37. Qf2 Bf6 38. Rd2 Qe4 39. Re2 Qd3 40. Qxf4
Qxe2 41. Qxg3 Bxd4+ 42. Bxd4 Qd1+ 43. Kh2 Qxd4 44. Qb8+ Kg7 45. Qc7+ Kg8 46.
Qc8+ Kg7 47. Qxf5 a5 48. Qg5+ Kh8 49. Qh6+ Kg8 50. Qg5+ Kh8 51. b3 Qe4 52. h5
g3+ 53. Qxg3 Qf5 54. Qg6 Qe5+ 55. Kh3 Qe3+ 56. g3 Qf3 57. Qe8+ Kh7 58. Qe7+ Kh6
59. Qe6+ Kxh5 60. Qe5+ Kg6 61. Qe8+ Kg7 62. Qd7+ Kh6 63. Qe6+ Kh5 64. Qe8+ Kh6
65. b4 Qf1+ 66. Kg4 Qd1+ 67. Kf5 Qf3+ 68. Ke6 Qd5+ 69. Kf6 Qg5+ 70. Kf7 Qg7+
71. Ke6 axb4 72. axb4 Qg4+ 73. Ke7 Qe4+ 74. Kd8 Qxb4 75. Qxc6+ Kg7 76. Qc7+ Kg8
77. c6 Qf8+ 78. Kd7 Qf5+ 79. Kd6 Qd3+ 80. Kc5 Qa3+ 81. Kb6 Qb3+ 82. Ka7 Qa3+
83. Kb8 Qb3+ 84. Kc8 Qa4 85. Qd8+ Kf7 86. Qd7+ Kg6 87. Qe6+ Kg5 88. c7 Qa8+ 89.
Kd7 Qa4+ 90. Kd8 Qd4+ 91. Kc8 Qh8+ 92. Kb7 Qb2+ 93. Qb6 Qg2+ 94. Ka7 Qa2+ 95.
Kb8 Qd5 96. c8=Q Qe5+ 97. Qcc7 Qe8+ 98. Qd8+ 1-0

[Event "Banff op"]
[Site "Banff CAN"]
[Date "2022.11.11"]
[Round "1.9"]
[White "Arruebarrena, Rafael"]
[Black "Koperski, Dustin"]
[Result "1-0"]
[WhiteElo "2238"]
[BlackElo "1949"]
[PlyCount "79"]
[EventDate "2022.11.11"]
[EventType "swiss"]
[EventRounds "6"]
[EventCountry "CAN"]

1. e4 c5 2. Nf3 d6 3. d4 cxd4 4. Nxd4 Nf6 5. Nc3 Nc6 6. Bg5 e6 7. Qd2 h6 8.
Bxf6 Qxf6 9. Ndb5 Qd8 10. O-O-O a6 11. Nxd6+ Qxd6 12. Qxd6 Bxd6 13. Rxd6 Ke7
14. Rd2 b5 15. Be2 Bb7 16. Rhd1 Rhd8 17. f3 Rxd2 18. Rxd2 Rd8 19. Rxd8 Kxd8 20.
Kd2 g5 21. a4 b4 22. Na2 a5 23. Nc1 Nd4 24. Bc4 Ke7 25. c3 Nc6 26. Nb3 bxc3+
27. bxc3 e5 28. Bd5 f6 29. Nc5 Ba8 30. c4 Kd6 31. Nb3 Bb7 32. Kc3 h5 33. c5+
Kc7 34. Nd2 Ba6 35. Nc4 Bxc4 36. Kxc4 Nd4 37. Bf7 h4 38. h3 Kc6 39. Be8+ Kc7
40. Kd5 1-0

[Event "Banff op"]
[Site "Banff CAN"]
[Date "2022.11.11"]
[Round "1.10"]
[White "Taylor, Ashton"]
[Black "Miller, David"]
[Result "0-1"]
[WhiteElo "1926"]
[BlackElo "2237"]
[PlyCount "76"]
[EventDate "2022.11.11"]
[EventType "swiss"]
[EventRounds "6"]
[EventCountry "CAN"]

1. e4 e6 2. d4 d5 3. Nc3 Nf6 4. e5 Nfd7 5. Nce2 c5 6. c3 Nc6 7. f4 Qb6 8. Nf3
Be7 9. g3 O-O 10. Bh3 cxd4 11. cxd4 Bb4+ 12. Bd2 Na5 13. b3 Nc6 14. O-O f5 15.
Bxb4 Qxb4 16. Qd2 Qxd2 17. Nxd2 b6 18. Rfc1 Bb7 19. Nf3 Rfe8 20. Nc3 a6 21.
Nxd5 exd5 22. Bxf5 Red8 23. Be6+ Kf8 24. Bxd5 Nc5 25. Bxc6 Bxc6 26. dxc5 Bxf3
27. Kf2 Bg4 28. cxb6 Rd2+ 29. Ke3 Rad8 30. Re1 R8d3+ 31. Ke4 g6 32. f5 Bxf5+
33. Kf4 Rf2+ 34. Kg5 Kg7 35. Kh4 Rd4+ 36. g4 Rxg4+ 37. Kh3 Rg1+ 38. Kh4 Rf4#
0-1

[Event "Banff op"]
[Site "Banff CAN"]
[Date "2022.11.11"]
[Round "1.11"]
[White "Yang, Jingyun (Ryan)"]
[Black "Nechio, Douglas"]
[Result "1-0"]
[WhiteElo "2237"]
[BlackElo "1917"]
[PlyCount "73"]
[EventDate "2022.11.11"]
[EventType "swiss"]
[EventRounds "6"]
[EventCountry "CAN"]

1. Nf3 Nf6 2. g3 g6 3. Bg2 d5 4. O-O Bg7 5. b3 O-O 6. Bb2 a5 7. d3 Nbd7 8. Nbd2
c6 9. c4 Re8 10. Ne5 Ng4 11. Nxg4 Bxb2 12. Rb1 Bg7 13. cxd5 Nb6 14. e4 cxd5 15.
Ne3 Be6 16. Qe2 Qd7 17. Nf3 d4 18. Nc4 Bxc4 19. bxc4 Na4 20. Qd2 Nc3 21. Rb2 e5
22. Kh1 Rab8 23. Ng1 b5 24. cxb5 Rxb5 25. f4 exf4 26. Rxb5 Qxb5 27. gxf4 Rb8
28. f5 Nb1 29. Qf4 Be5 30. Qh6 Rb6 31. Qh3 Qc5 32. Nf3 Nc3 33. Ng5 h5 34. fxg6
fxg6 35. Qd7 Bg7 36. Qe8+ Bf8 37. Qf7+ 1-0

[Event "Banff op"]
[Site "Banff CAN"]
[Date "2022.11.11"]
[Round "1.12"]
[White "Hobbs, Richard"]
[Black "Wolchock, Theo"]
[Result "1/2-1/2"]
[WhiteElo "1876"]
[BlackElo "2212"]
[PlyCount "91"]
[EventDate "2022.11.11"]
[EventType "swiss"]
[EventRounds "6"]
[EventCountry "CAN"]

1. e4 c5 2. d4 cxd4 3. c3 g6 4. cxd4 d5 5. e5 Nc6 6. Nf3 Bg4 7. Be2 Bg7 8. O-O
Nh6 9. Nbd2 Nf5 10. Nb3 O-O 11. h3 Bxf3 12. Bxf3 f6 13. e6 Qd6 14. Re1 Nd8 15.
Nc5 b6 16. Nd3 Nxe6 17. Rxe6 Qxe6 18. Nf4 Qd7 19. Bxd5+ Kh8 20. Bxa8 Rxa8 21.
Be3 Bh6 22. Qf3 Rd8 23. Ne2 Qd5 24. Qxd5 Rxd5 25. Bxh6 Nxh6 26. Rc1 Rd7 27. g4
Nf7 28. Nf4 Ng5 29. d5 Kg7 30. Ne6+ Nxe6 31. dxe6 Rd6 32. Rc7 Rxe6 33. Rxa7 Kf7
34. Kf1 Rc6 35. Rb7 h5 36. a4 hxg4 37. hxg4 f5 38. gxf5 gxf5 39. b4 Ke6 40. a5
bxa5 41. bxa5 Rc1+ 42. Ke2 Ra1 43. Rb5 Ra3 44. f4 Ra4 45. Re5+ Kf6 46. Kf3
1/2-1/2

[Event "Banff op"]
[Site "Banff CAN"]
[Date "2022.11.11"]
[Round "1.13"]
[White "Malek, Omid"]
[Black "Hoekman, Samuel"]
[Result "1/2-1/2"]
[WhiteElo "2190"]
[BlackElo "1857"]
[PlyCount "42"]
[EventDate "2022.11.11"]
[EventType "swiss"]
[EventRounds "6"]
[EventCountry "CAN"]

1. d4 f5 2. Bf4 e6 3. e3 Nf6 4. a3 Bd6 5. Nh3 O-O 6. Be2 Nc6 7. Nd2 Qe8 8. Nc4
Bxf4 9. exf4 b5 10. Ne3 a6 11. Ng5 h6 12. Nf3 Bb7 13. O-O Ne7 14. c4 bxc4 15.
Bxc4 Ned5 16. Nxd5 Nxd5 17. g3 Qh5 18. Ne5 Qh3 19. Bxd5 Bxd5 20. f3 d6 21. Nd3
a5 1/2-1/2

[Event "Banff op"]
[Site "Banff CAN"]
[Date "2022.11.11"]
[Round "1.14"]
[White "Barbosa Landre, Geraldo"]
[Black "Kostadinov, Georgi"]
[Result "0-1"]
[WhiteElo "1852"]
[BlackElo "2185"]
[PlyCount "66"]
[EventDate "2022.11.11"]
[EventType "swiss"]
[EventRounds "6"]
[EventCountry "CAN"]

1. d4 d5 2. c4 c6 3. cxd5 cxd5 4. Nf3 Nf6 5. Nc3 Nc6 6. Bf4 e6 7. e3 a6 8. Rc1
Be7 9. Bd3 O-O 10. Ne5 Bd7 11. h3 Rc8 12. O-O b5 13. a3 Na5 14. b4 Nc4 15. Bxc4
bxc4 16. Qc2 a5 17. Nxd7 Nxd7 18. Rb1 axb4 19. axb4 Nb6 20. Rb2 Qd7 21. Ra1 Ra8
22. Ra5 f5 23. Qb1 Bd6 24. Bxd6 Qxd6 25. Rba2 Rab8 26. b5 f4 27. e4 dxe4 28.
Qxe4 f3 29. g3 Nd5 30. Nxd5 exd5 31. Qg4 Qg6 32. Qd7 Qb1+ 33. Kh2 Qf1 0-1

[Event "Banff op"]
[Site "Banff CAN"]
[Date "2022.11.11"]
[Round "1.15"]
[White "Wang, Paul"]
[Black "Wu, Nathan"]
[Result "0-1"]
[WhiteElo "2131"]
[BlackElo "1842"]
[PlyCount "88"]
[EventDate "2022.11.11"]
[EventType "swiss"]
[EventRounds "6"]
[EventCountry "CAN"]

1. e4 d5 2. exd5 Qxd5 3. Nc3 Qd6 4. Nf3 Nf6 5. d4 Bg4 6. h3 Bh5 7. Be2 c6 8.
Be3 Nbd7 9. Qd2 e6 10. Bf4 Qb4 11. a3 Qa5 12. O-O Be7 13. b4 Qd8 14. Bh2 O-O
15. Rfd1 Nb6 16. Ne5 Bxe2 17. Qxe2 a5 18. b5 Nfd5 19. Qf3 Nxc3 20. bxc6 Nbd5
21. cxb7 Ra6 22. Nc4 Bd6 23. Bxd6 Rxd6 24. Nxd6 Qxd6 25. Rd3 Qc7 26. a4 Rb8 27.
Ra3 Rxb7 28. Rb3 Rxb3 29. cxb3 g6 30. Kf1 Na2 31. g3 Qc2 32. Qd1 Qc6 33. Kg1
Nab4 34. Rd2 Nc3 35. Qe1 Ne4 36. Re2 Ng5 37. Qb1 Nxh3+ 38. Kh2 Ng5 39. Qh1 Nf3+
40. Kh3 g5 41. g4 Ng1+ 42. Qxg1 Qf3+ 43. Qg3 Qxe2 44. f4 Qf1+ 0-1